|
|
|
|
| LEADER |
00000nam a2200000 a 4500 |
| 001 |
vtls001383091 |
| 003 |
SK-MaSNL |
| 005 |
20260311141437.0 |
| 008 |
251113s1979 DE aa r y ger |
| 015 |
|
|
|a SNBZSA2000-00015
|
| 020 |
|
|
|c 15,00 DDM
|
| 035 |
|
|
|a SNK000337162
|
| 035 |
|
|
|a urn:nbn:sk:snk-amyei6
|
| 035 |
|
|
|a urn:nbn:sk:snk-am00cfr7
|
| 035 |
|
|
|a 5F124184-519D-4A93-A9B1-2B64F2AA04AC
|
| 040 |
|
|
|a SNK
|b slo
|c SNK
|e AACR2
|
| 041 |
0 |
|
|a ger
|
| 044 |
|
|
|a DE
|
| 080 |
|
|
|a 792:325.254(=30)(437)"1933/1938"=30
|2 1981
|
| 080 |
|
|
|a 325.254(=30)(437)"1933/1938"=30
|2 1981
|
| 245 |
1 |
|
|a Exiltheater in der Tschechoslowakei
|b 1933-1938 : Veröffentlichung der Akademie der Künste der DDR in Zusammenarbeit ...
|c Hansjörg Schneider
|
| 260 |
|
|
|a Berlin
|b Henschelverlag
|c 1979
|
| 300 |
|
|
|a 358 s., [24] s. obr.príl.
|b fotogr.
|c 20 cm
|
| 490 |
1 |
|
|a Deutsches Theater im Exil
|
| 500 |
|
|
|a Ilustr. na obál.
|
| 504 |
|
|
|a Bibliogr. odkazy. Pozn. Reg.
|
| 648 |
|
7 |
|a 1933-1938
|2 SNK
|9 282073
|
| 650 |
0 |
7 |
|a nemecké divadlo
|2 SNKPH
|9 3366
|
| 650 |
0 |
7 |
|a exil
|2 SNKPH
|9 3823
|
| 651 |
|
7 |
|a Československo
|2 SNKPHgeo
|9 21376
|
| 655 |
|
7 |
|a príručky
|2 SNKPH
|9 74364
|
| 830 |
|
0 |
|a Deutsches Theater im Exil
|9 642216
|
| 852 |
|
|
|a Slovenská národná knižnica
|
| 958 |
|
|
|a ZS
|
| 958 |
|
|
|a TL
|
| 958 |
|
|
|a DE
|
| 958 |
|
|
|a NB
|
| 958 |
|
|
|a OND
|
| 999 |
|
|
|c 992148
|d 994078
|
| 952 |
|
|
|a SNK
|b SNK
|y PREZ
|7 0
|p 17A1002203
|o snkSD 49529
|i snkV 171/80
|8 2
|0 0
|1 0
|4 0
|d 2000-03-03
|f 1
|l 0
|r 2005-01-02 00:00:00
|w 2026-02-24
|
| 952 |
|
|
|t P60, <04>, [BOOK], {604}
|a SNK
|b SNK
|y VYP
|7 0
|p 17A0230394
|o snkSD 49529 D1
|i snkV 398/2000
|0 0
|1 0
|4 0
|d 2000-03-03
|l 0
|r 2005-01-02 00:00:00
|w 2026-02-24
|